000 00540nam a22001817a 4500
003 OSt
005 20251125113354.0
008 251125b |||||||| |||| 00| 0 eng d
020 _a971-151-018-9
040 _aDWC-Main lib
_cOC
082 _aFic. Ur72b 1990
100 _aUranza, A.
245 _aBamboo in the wind :
_ba novel
_cUranza, Azucena G.
260 _aManila :
_bVera-Reyes, Inc.,
_c c1990
300 _a309 pages :
_c23 cm.
650 _2Fiction
942 _2ddc
_cFIC.
_hFic. Ur72b 1990
_kFic.
_n0
999 _c6245
_d6245